| 000 | 00637nam a22001817a 4500 | ||
|---|---|---|---|
| 005 | 20251108174609.0 | ||
| 008 | 250721s2009 xx 000 0 ara d | ||
| 082 | 1 | 4 | _a616.89/خوا |
| 100 | 1 |
_aالخواجا، عبد الفتاح _eمؤلف |
|
| 245 | 1 | 0 | _aعلم النفس : العلاج النفسي المعاصر ( تطبيقات للنظريات) / |
| 264 | 1 |
_aعمان : _bدار المستقبل للنشر و التوزيع، _c2009. |
|
| 300 | _a181 ص. | ||
| 650 | 1 | 7 | _aخدمات الصحه العقليه |
| 650 | 1 | 7 | _aعلم النفس |
| 650 | 1 | 7 | _aالعلاج النفسي |
| 942 |
_2ddc _cBK |
||
| 999 |
_c113181 _d113181 |
||